Methods of testing vulcanized rubber. Part A 17. Determination of the permeability of rubber to gases. (Constant volume method). (Record no. 73171)

MARC details
000 -LEADER
fixed length control field 00433nam a2200121Ia 4500
245 #0 - TITLE STATEMENT
Title Methods of testing vulcanized rubber. Part A 17. Determination of the permeability of rubber to gases. (Constant volume method).
260 ## - PUBLICATION, DISTRIBUTION, ETC. (IMPRINT)
Year of publication 1973
500 ## - GENERAL NOTE
General note Standard number: BS 903 Part A 17
650 ## - SUBJECT ADDED ENTRY--TOPICAL TERM
Topical Term Constant volume method
650 ## - SUBJECT ADDED ENTRY--TOPICAL TERM
Topical Term Vulcanized rubber Gas permeability
942 ## - ADDED ENTRY ELEMENTS (KOHA)
Koha item type Standards
Holdings
Withdrawn status Lost status Damaged status Not for loan Collection code Home library Current library Date acquired Koha item type
      Standards British standards RRII Library RRII Library 31/12/2021 Standards